| 000 | 01143nam a22003857a 4500 | ||
|---|---|---|---|
| 001 | BR0503130 | ||
| 003 | BR-BrBNA | ||
| 005 | 20230928101918.0 | ||
| 007 | ta | ||
| 008 | 230509b bl.||||| |||| 00| 0 por d | ||
| 040 |
_aBR-BrBNA _bpor _cBiblioteca Nacional de Agricultura |
||
| 041 | _a(Por) | ||
| 072 |
_aF30; F03 _b1440 _b3575 |
||
| 090 | _ 1440 BR0503130 | ||
| 100 | 1 | _aFreire Filho, F.R. | |
| 100 | 1 | _aLima, J.A. de A. | |
| 100 | 1 | _aRibeiro, V.Q.(eds.) | |
| 110 | 1 | _aEMBRAPA Meio-Norte, Teresina, PI (Brasil) | |
| 245 | 1 | _aFeijão-caupi: avanços tecnológicos | |
| 260 | 3 |
_aBrasília, DF (Brasil): _bEMBRAPA Informação Tecnológica, _c2005. |
|
| 300 | _a519 p. | ||
| 500 | _aSeveral bibliography; 32 tables; 98 illus. | ||
| 650 | _aFEIJÃO DE CORDA | ||
| 650 | _aSEMENTE | ||
| 650 | _aMELHORAMENTO GENÉTICO VEGETAL | ||
| 650 | _aBIOTECNOLOGIA | ||
| 650 | _aPRÁTICA CULTURAL | ||
| 650 | _aFIXAÇÃO DE NITROGÊNIO | ||
| 650 | _aDOENÇA DE PLANTA | ||
| 650 | _aPRAGA DE PLANTA | ||
| 650 | _aMARCADOR MOLECULAR | ||
| 650 | _aTECNOLOGIA APROPRIADA | ||
| 909 |
_a202309 _bLucia _c55 _dLucia Elande |
||
| 942 | _cBK | ||
| 999 |
_c68191 _d68191 |
||